| 000 | 00810cam a22002531 4500 | ||
|---|---|---|---|
| 001 | agr50000461 | ||
| 003 | DLC | ||
| 005 | 20260227111013.0 | ||
| 008 | 761222s1950 nyu 000 0 eng | ||
| 010 | _aagr50000461 | ||
| 015 | _aGB50-8139 | ||
| 035 | _a(OCoLC)2640890 | ||
| 040 |
_aDLC _cOT _dUk _dDLC |
||
| 042 | _apremarc | ||
| 050 | 0 | 0 |
_aSF395 _b.C248 |
| 100 | 1 |
_aCarroll, W. E. _q(William Ernest), _d1882- |
|
| 245 | 1 | 0 |
_aSwine production, _cby W. E. Carroll and J. L. Krider. |
| 260 |
_aNew York, _bMcGraw-Hill, _c1950. |
||
| 300 |
_aviii, 498 p. _billus. _c24 cm. |
||
| 440 | 0 | _aMcGraw-Hill publications in the agricultural sciences | |
| 504 | _a"Literature cited" at end of each chapter except the twentieth. | ||
| 650 | 0 | _aSwine. | |
| 700 | 1 |
_aKrider, J. L. _q(Jake Luther), _d1913- _ejoint author. |
|
| 999 |
_c11199 _d11199 |
||